| 000 | 00615nam a2200241Ia 4500 | ||
|---|---|---|---|
| 001 | 12866 | ||
| 005 | 20240113235417.0 | ||
| 007 | ta | ||
| 008 | 051026s1951 a g b000 u 465 u | ||
| 040 | _aCotton College,Assam | ||
| 041 | _a465 | ||
| 082 |
_a391 _bG 346 In |
||
| 100 | _aGhurye, G.S.. | ||
| 245 | 0 |
_aIndian Costume / _cG.S.Ghurye. _hTextual Documents |
|
| 250 | _a1st ed. / | ||
| 260 |
_aBombay : _bThe Popular Book Depo , _c1951. |
||
| 300 |
_a395p. : _bill ; _c22cm . |
||
| 653 | _aCostume-India | ||
| 653 | _aG-Education | ||
| 942 |
_2ddc _cBK |
||
| 999 |
_c12852 _d12852 |
||